| LEADER |
00825nam0a2200217 450 |
| 001 |
16823807 |
| 010 |
|
|
|a 978-2-07-063937-3
|b rel.
|d 14,1
|
| 100 |
|
|
|a 20140331d2026 u u0frey01 ba
|
| 101 |
0 |
|
|a fre
|
| 102 |
|
|
|a FR
|
| 200 |
0 |
|
|a fantôme de l'Opéra (Le)
|f Christophe Gaultier
|g d'après l'oeuvre de Gaston Leroux - couleurs de Marie Galopin
|
| 207 |
|
1 |
|a
|
| 210 |
|
|
|a Paris
|b 5 rue Sébastien Bottin.
|c Gallimard
|d DL 2013
|
| 215 |
|
|
|a 1 vol. (56 p.)
|c ill. en coul., couv. ill. en coul.
|d 32 cm
|
| 225 |
1 |
|
|a Fétiche
|
| 461 |
|
0 |
|t Le fantôme de l'Opéra
|v 2
|
| 700 |
|
0 |
|a Gaultier
|b Christophe
|f 1969-....
|4 70
|
| 702 |
|
0 |
|a Leroux
|b Gaston
|f 1868-1927
|4 100
|
| 900 |
|
|
|a Bandes déssinées ADULTE
|
| 901 |
|
|
|a Accessible au prêt
|
| 995 |
|
|
|a Bibliothèque
|c Bibliothèque
|f 024016773
|h 024016773
|k BDA GAU
|o p
|q a
|r az
|e Bibliothèque
|